000 00727cam a2200193 a 4500
020 _a1853393991
040 _cESU
082 0 0 _a307 INT 1997 C146 Or.
100 1 _aDavies, Anthony,
245 1 0 _aManaging for a change :
_bhow to run community development projects /
260 _aLondon :
_bIntermediate Technology Publications in association with Voluntary Service Overseas,
_c1997.
300 _axi, 164 p. :
_bill. ;
_c25 cm.
650 0 _aCommunity development
650 0 _aEconomic development projects
710 2 _aVoluntary Service Overseas.
856 4 2 _uhttp://www.loc.gov/catdir/enhancements/fy1117/98184810-d.html
856 4 1 _uhttp://www.loc.gov/catdir/enhancements/fy1117/98184810-t.html
942 _cAEDBB
999 _c18476
_d18476